Normal view
MARC view
Entry Personal Name
001 - CONTROL NUMBER
- control field: 1177308
003 - CONTROL NUMBER IDENTIFIER
- control field: OSt
005 - DATE AND TIME OF LATEST TRANSACTION
- control field: 20260324125247.0
008 - FIXED-LENGTH DATA ELEMENTS
- fixed length control field: 260324|| aca||aabn | a|a d
040 ## - CATALOGING SOURCE
- Original cataloging agency: OSt
- Transcribing agency: OSt
100 ## - HEADING--PERSONAL NAME
- Personal name: Jean Spence; Sarah Aiston; Maureen M. Meikle
670 ## - SOURCE DATA FOUND
- Source citation: Work cat.: (OSt)1772397: Jean Spence; Sarah Aiston; Maureen M. Meikle, Women, Education, and Agency, 1600-2000
